书目信息 |
| 题名: |
工业经营管理经验选编
|
|
| 作者: | ;国家经委企业管理 编 | |
| 分册: | 1981 | |
| 出版信息: | 北京 人民出版社 1981 |
|
| 页数: | 531页 | |
| 开本: | 19cm | |
| 丛书名: | ||
| 单 册: | ||
| 中图分类: | F425 | |
| 科图分类: | ||
| 主题词: | 工业企业管理--经验--中国--汇编 | |
| 电子资源: | ||
| ISBN: | ||
| 000 | 00676nam0 2200229 45 | |
| 001 | 0181007020 | |
| 005 | 20060525103714.14 | |
| 010 | @dCNY1.25 | |
| 091 | @a4001.412 | |
| 100 | @a19950302d1981 emky0chiy0121 ea | |
| 101 | 0 | @achi |
| 102 | @aCN@b110000 | |
| 105 | @ay z 000yy | |
| 200 | 10 | @a工业经营管理经验选编@Agong ye jing ying guan li jing yan xuan bian@h1981@f国家经委企业管理局编 |
| 210 | @a北京@c人民出版社@d1981 | |
| 215 | @a531页@d19cm | |
| 606 | @a工业企业管理@x经验@y中国@x汇编 | |
| 690 | @aF425@v3 | |
| 711 | 02 | @a国家经委企业管理@Aguo jia jing wei qi ye guan li@4编 |
| 801 | 2 | @aCN@bNLC@c20060525 |
| 801 | 0 | @aCN@b上海图书馆@c20040429 |
| 905 | @dF425@e12 | |
| 工业经营管理经验选编.1981/国家经委企业管理局编.-北京:人民出版社,1981 |
| 531页;19cm |
| ISBN :CNY1.25 |
| ● |
| 相关链接 |
|
|
|
|
正题名:工业经营管理经验选编
索取号:F425/12
 
预约/预借
| 序号 | 登录号 | 条形码 | 馆藏地/架位号 | 状态 | 备注 |
| 1 | 0055893 | 202390821 | 密集书库/ [索取号:F425/12] | 在馆 | |
| 2 | 0055894 | 000209688 | 第一样本阅览室/ [索取号:F425/12] | 在馆 |